Normal view
MARC view
- Ferreyra, Horacio Ademar,
Entry Nombre Personal
001 - NUMERO DE CONTROL
- campo de control: 31605
003 - IDENTIFICADOR DE NUMERO DE CONTROL
- campo de control: UPN
005 - FECHA Y HORA DE LA ÜLTIMA TRANSACCIÓN
- campo de control: 20210219194425.0
008 - DATOS DE LONGITUD FIJA
- campo de control de longitud fija: nabaccnnaabn|||||||||| b |nc|||||d
035 ## - NUMERO DE CONTROL
- Número de control: UPN11000003711
040 ## - FUENTE DE CATALOGACIÓN
- Lenguaje de catalogación: SPA
- Agencia de transcripción: UPN
100 1# - ENCABEZAMIENTO - NOMBRE PERSONAL
- Nombre personal: Ferreyra, Horacio Ademar,
- Fechas asociadas con el nombre: 1966-
400 1# - VEÁSE - NOMBRE DE PERSONA
- Personal name: Ademar Ferreyra, Horacio,
- Dates associated with a name: 1966-
670 ## - FUENTE EN LA QUE SE LOCALIZARON DATOS
- Cita de la fuente: LC/P
680 ## - NOTA PUBLICA DE ACCESO PÚBLICO
- Frase explicativa de la referencia: Educador argentino
902 ## - CATALOGADOR
- Catalogador: MMA/110515
